An actual survey of the great post-roads between London and Edinburgh (Record no. 113525)
[ view plain ]
| 000 -LEADER | |
|---|---|
| fixed length control field | 00797cam a22002055a 4500 |
| 001 - CONTROL NUMBER | |
| control field | L155382 |
| 008 - FIXED-LENGTH DATA ELEMENTS--GENERAL INFORMATION | |
| fixed length control field | 120320s1776 xxk f 000 0 eng d |
| 035 ## - SYSTEM CONTROL NUMBER | |
| System control number | (Sirsi) u155382 |
| 041 0# - LANGUAGE CODE | |
| Language code of text/sound track or separate title | eng |
| 100 1# - MAIN ENTRY--PERSONAL NAME | |
| Personal name | Armstrong, Mostyn John |
| 245 03 - TITLE STATEMENT | |
| Title | An actual survey of the great post-roads between London and Edinburgh |
| Remainder of title | by Mostyn John Armstrong, Geor. |
| 260 ## - PUBLICATION, DISTRIBUTION, ETC. | |
| Place of publication, distribution, etc. | London |
| Name of publisher, distributor, etc. | printed for, and sold by the author and the booksellers |
| Date of publication, distribution, etc. | 1776 |
| 300 ## - PHYSICAL DESCRIPTION | |
| Extent | [4], 6, [2] p., 44 leaves, plates |
| Other physical details | maps |
| Dimensions | 12o |
| 520 ## - SUMMARY, ETC. | |
| Summary, etc. | The titlepage is engraved. |
| 520 ## - SUMMARY, ETC. | |
| Summary, etc. | 44 engraved road maps, and a frontispiece road map, with 44 leaves of letterpress description. |
| 583 ## - ACTION NOTE | |
| Action | Condition reviewed |
| Time/date of action | 20120620 |
| Status | condition level 1 |
| 651 #4 - SUBJECT ADDED ENTRY--GEOGRAPHIC NAME | |
| Geographic name | Great Britain |
| Chronological subdivision | 1707- |
| 690 ## - LOCAL SUBJECT ADDED ENTRY--TOPICAL TERM (OCLC, RLIN) | |
| Topical term or geographic name as entry element | Infrastructure |
| 9 (RLIN) | 6246 |
| 942 ## - ADDED ENTRY ELEMENTS (KOHA) | |
| Suppress in OPAC | 0 |
| Withdrawn status | Lost status | Source of classification or shelving scheme | Damaged status | Not for loan | Home library | Current library | Shelving location | Date acquired | Total Checkouts | Full call number | Barcode | Date last seen | Copy number | Price effective from | Koha item type |
|---|---|---|---|---|---|---|---|---|---|---|---|---|---|---|---|
| Dewey Decimal Classification | Historic collection | Historic collection | Historic collection | 20/03/2012 | OCTAVO 1776 ARMSTRONG | 30075901 | 06/08/2019 | 1 | 06/08/2019 | Book |